000 00559nam a2200217Ia 4500
003 OSt
005 20221007082927.0
006 a|||||r|||| 00| 0
007 ta
008 221006b |||||||| |||| 00| 0 eng d
024 _a41,502
037 _cDissertations
040 _aFLL
_cFLL
_beng
041 _2eng
_aeng
100 _aAsiwal Charu
_9699832
245 0 _aConstitutional perspective of treaty making and enforcement in India
260 _c2013
300 _ad.p.
_ccm.
942 _cDIS
_2CC
999 _c1168199
_d1168199